Code Cracker! XXIII Quiz Stats

 Plays Quiz Updated Feb 18, 2019

Support Sporcle.
Go Orange.
Score 0/184 Timer 04:00
1 Play Today
% Correct
✔​
100%
E​
100%
E​
100%
E​
100%
E​
100%
E​
100%
✔​
100%
S​
100%
S​
100%
S​
100%
✔​
91.1%
A​
91.1%
A​
91.1%
A​
91.1%
A​
91.1%
A​
91.1%
A​
91.1%
A​
91.1%
A​
91.1%
A​
91.1%
A​
91.1%
A​
91.1%
A​
91.1%
A​
91.1%
A​
91.1%
A​
91.1%
A​
91.1%
A​
91.1%
A​
91.1%
A​
91.1%
A​
91.1%
A​
91.1%
A​
91.1%
A​
91.1%
A​
91.1%
A​
91.1%
A​
91.1%
A​
91.1%
✔​
90.2%
I​
90.2%
I​
90.2%
I​
90.2%
I​
90.2%
I​
90.2%
I​
90.2%
I​
90.2%
I​
90.2%
I​
90.2%
I​
90.2%
I​
90.2%
I​
90.2%
I​
90.2%
I​
90.2%
I​
90.2%
I​
90.2%
I​
90.2%
I​
90.2%
✔​
89.6%
O​
89.6%
O​
89.6%
O​
89.6%
O​
89.6%
% Correct
O​
89.6%
O​
89.6%
O​
89.6%
O​
89.6%
O​
89.6%
O​
89.6%
O​
89.6%
O​
89.6%
✔​
88.4%
R​
88.4%
R​
88.4%
R​
88.4%
R​
88.4%
R​
88.4%
R​
88.4%
R​
88.4%
R​
88.4%
R​
88.4%
R​
88.4%
✔​
88.2%
N​
88.2%
N​
88.2%
N​
88.2%
N​
88.2%
N​
88.2%
N​
88.2%
N​
88.2%
N​
88.2%
N​
88.2%
N​
88.2%
N​
88.2%
N​
88.2%
N​
88.2%
N​
88.2%
✔​
87.2%
L​
87.2%
L​
87.2%
L​
87.2%
L​
87.2%
L​
87.2%
L​
87.2%
L​
87.2%
L​
87.2%
L​
87.2%
L​
87.2%
✔​
87.1%
T​
87.1%
T​
87.1%
T​
87.1%
T​
87.1%
T​
87.1%
T​
87.1%
T​
87.1%
T​
87.1%
T​
87.1%
T​
87.1%
✔​
86.9%
G​
86.9%
G​
86.9%
G​
86.9%
G​
86.9%
G​
86.9%
% Correct
G​
86.9%
G​
86.9%
G​
86.9%
✔​
86.6%
D​
86.6%
D​
86.6%
D​
86.6%
D​
86.6%
✔​
84.5%
C​
84.5%
C​
84.5%
C​
84.5%
C​
84.5%
C​
84.5%
C​
84.5%
C​
84.5%
C​
84.5%
✔​
83.4%
U​
83.4%
U​
83.4%
U​
83.4%
U​
83.4%
U​
83.4%
U​
83.4%
✔​
82.9%
P​
82.9%
P​
82.9%
P​
82.9%
P​
82.9%
P​
82.9%
✔​
78.4%
Y​
78.4%
Y​
78.4%
✔​
78%
F​
78%
F​
78%
✔​
77.5%
B​
77.5%
B​
77.5%
B​
77.5%
B​
77.5%
✔​
76.7%
M​
76.7%
M​
76.7%
✔​
75.3%
K​
75.3%
✔​
74.5%
Q​
74.5%
✔​
73.7%
V​
73.7%
✔​
69.6%
W​
69.6%
✔​
69.2%
Z​
69.2%
✔​
68.5%
X​
68.5%
✔​
67.7%
J​
67.7%
✔​
63.8%
H​
63.8%

From the Vault

'NFL' Words and Phrases

by survivor

We've managed to combine spelling and football into one quiz, which is great since they are America's least and most favorite things.
Remove Ads.
Support Sporcle.
Get the best of Sporcle when you Go Orange. This ad-free experience offers more features, more stats, and more fun while also helping to support Sporcle. Thank you for becoming a member.

Show Comments

Extras

Top Quizzes Today


Score Distribution

Your Account Isn't Verified!

In order to create a playlist on Sporcle, you need to verify the email address you used during registration. Go to your Sporcle Settings to finish the process.

Report this User

Report this user for behavior that violates our Community Guidelines.

Details: